<A> marketing, mint nélkülözhetetlen módszer egy monopolhelyzetü kereskedelmi vállalat versenyvállalattá alakításában.

Analýza postavenia jedného potravinárskeho obchodného podniku. Monopolistická situácia - rozdeľovanie miesto obchodu. Formy správania a úloha marketingu. Konkurencia a marketing. Vplyv konkurencie na vnútropodnikovú situáciu. Zmena marketingovej stratégie a podnikové riadenie. Poznanie zákazníka. Fi...

Ausführliche Beschreibung

Gespeichert in:
Bibliographische Detailangaben
1. Verfasser: Kiss, Ferenc László
Format: Buchkapitel
Sprache:Ungarisch
Schlagworte:
Tags: Tag hinzufügen
Keine Tags, Fügen Sie das erste Tag hinzu!

MARC

LEADER 00000naa a2200000 4500
001 r011043
005 20221125113528.5
041 0 |a hun 
044 |a HU 
245 1 0 |a <A> marketing, mint nélkülözhetetlen módszer egy monopolhelyzetü kereskedelmi vállalat versenyvállalattá alakításában.  |c K. László 
520 |a Analýza postavenia jedného potravinárskeho obchodného podniku. Monopolistická situácia - rozdeľovanie miesto obchodu. Formy správania a úloha marketingu. Konkurencia a marketing. Vplyv konkurencie na vnútropodnikovú situáciu. Zmena marketingovej stratégie a podnikové riadenie. Poznanie zákazníka. Finančný systém podniku. Podnikové rozdeľovanie. 
610 2 0 |a podnik obchodný 
610 2 0 |a potravinárstvo 
610 2 0 |a konkurencia 
610 2 0 |a rozdeľovanie 
610 2 0 |a financie podnikové 
610 2 0 |a marketing 
610 2 0 |a správanie 
610 2 0 |a stratégia podniková 
610 2 0 |a riadenie podnikové 
610 2 0 |a zákazníci 
610 2 0 |a demonopolizácia 
100 1 |a Kiss, Ferenc László